Formula One Constructors Starting With C - Statistics

General Stats
  • This quiz has been taken 22 times
  • The average score is 4 of 8
Answer Stats
Seasons Races Constructor % Correct
2026- 0 Cadillac
89%
2012–2014 56 Caterham
89%
1950, 1952–1969 129 Cooper
89%
1987–1991 65 Coloni
33%
1952–1959 18 Connaught
22%
1975–1982 120 Copersucar (Fittipaldi)
22%
1972 2 Connew
17%
1952 1 Cisitalia
6%
No matching quizzes found
Score Distribution
Percent of People with Each Score
Percentile by Number Answered
Your Score History
You have not taken this quiz